Bibliograma. La Biblia en el tiempo: Historia.
Furkejuvvon:
| Váldodahkki: | |
|---|---|
| Materiálatiipa: | Girji |
| Giella: | espánnjágiella |
| Almmustuhtton: |
Navarra, España:
Verbo Divino (EVD),
2017.
|
| Ráidu: | Coordenadas Bíblicas.
|
| Fáttát: | |
| Fáddágilkorat: |
Lasit fáddágilkoriid
Eai fáddágilkorat, Lasit vuosttaš fáddágilkora!
|
MARC
| LEADER | 00000cam a2200000 a 4500 | ||
|---|---|---|---|
| 001 | UCC1204 | ||
| 003 | CL-VaPUC | ||
| 005 | 20231122111014.0 | ||
| 008 | 171006e20170000sp |||||||||||||||||spa|d | ||
| 999 | |c 369772 |d 369770 | ||
| 020 | |a 978-84-9073-334-9 | ||
| 040 | |c Pontificia Universidad Católica de Valparaíso | ||
| 082 | 0 | 4 | |a 220.95 ALB 2017 |2 21 |
| 100 | |a Albares, José Luis |e textos |9 595248 | ||
| 245 | 1 | 0 | |a Bibliograma. |b La Biblia en el tiempo: Historia. |
| 260 | |a Navarra, España: |b Verbo Divino (EVD), |c 2017. | ||
| 300 | |a 35 páginas: ilustraciones. | ||
| 490 | 0 | |a Coordenadas Bíblicas. | |
| 583 | |a last modification |c 20171006 11:09:00 |k Rodrigo Vera | ||
| 650 | 0 | |a Biblia |9 257603 |v Historia y cronología |x Hitos, reyes, profetas, etc. | |
| 942 | |c BK |2 ddc | ||
| 945 | |d 20171006 11:09:00 |a arojas | ||
| 952 | |0 0 |1 0 |3 erb |4 0 |6 220_950000000000000_ALB_2017 |7 0 |8 A |9 485862 |a BIBTEO |b BIBTEO |i 5427681 |o 220.95 ALB 2017 |p 5427681 |r 2025-01-17 |w 2019-11-24 |y BK |z Catalogado en:20171006 |k ICR | ||
| 952 | |0 0 |1 0 |3 erb |4 0 |6 220_950000000000000_ALB_2017 |7 0 |8 A |9 485863 |a BIBTEO |b BIBTEO |i 5483867 |o 220.95 ALB 2017 |p 5483867 |r 2025-01-17 |w 2019-11-24 |y BK |z Catalogado en:20180727 |k ICR | ||
| 952 | |0 0 |1 0 |3 erb |4 0 |6 220_950000000000000_ALB_2017 |7 0 |8 A |9 485864 |a BIBTEO |b BIBTEO |i 5483859 |l 1 |o 220.95 ALB 2017 |p 5483859 |r 2025-01-17 |s 2024-03-19 |w 2019-11-24 |y BK |z Catalogado en:20180727 |k ICR | ||
| 952 | |0 0 |1 0 |3 erb |4 0 |6 220_950000000000000_ALB_2017 |7 0 |8 A |9 485865 |a BIBTEO |b BIBTEO |i 5483840 |o 220.95 ALB 2017 |p 5483840 |r 2025-01-17 |w 2019-11-24 |y BK |z Catalogado en:20180727 |k ICR | ||
| 952 | |0 0 |1 0 |2 ddc |4 0 |6 220_950000000000000_ALB_2017 |7 0 |8 A |9 592363 |a BIBTEO |b BIBTEO |c GEN |d 2023-11-09 |e 8 |g 8400.00 |i 5659396 |o 220.95 ALB 2017 |p 5659396 |r 2025-01-17 |t 5 |v 8400.00 |w 2023-11-09 |y BK |k ICR | ||